| 000 | 00633nam a2200193 a 4500 | ||
|---|---|---|---|
| 003 | PILC | ||
| 005 | 20150112093433.0 | ||
| 008 | 100719s19uu xx 00 eng d | ||
| 020 | _a0866121579 | ||
| 050 |
_aTX 911.3.M3 _b.L394 1999 |
||
| 082 |
_aHSF 647.940688 _bL39 1999 |
||
| 100 |
_aLazer, William _913285 |
||
| 245 | _aMarketing of hospitality services / | ||
| 260 |
_aEast Lansing, Michigan : _bEducational Institute of the American Hotel and Motel Association, _c1999. |
||
| 300 |
_a490 pages : _billustration ; _c25 cm. |
||
| 650 | _aHospitality industry- Marketing | ||
| 700 |
_aLayton, Roger A. _913286 |
||
| 942 |
_2lcc _cBK |
||
| 999 |
_c14446 _d14446 |
||